Administración y futuro: de los 90 en adelante

Gardado en:
Detalles Bibliográficos
Autor Principal: Drucker, Peter Ferdinand (Author)
Formato: Libro
Idioma:Lingua castelá
Publicado: Buenos Aires Sudamericana 1993
Edición:2a. ed
Subjects:
Tags: Engadir etiqueta
Sen Etiquetas, Sexa o primeiro en etiquetar este rexistro!

MARC

LEADER 00000nam a2200000 a 4500
001 UCY2404
003 CL-VaPUC
008 941024e19930000AG |||||||||||||||||spa|d
020 |a 9500708337 
082 0 4 |a 658  |b DRU  |2 21 
100 0 |a Drucker, Peter Ferdinand  |e author  |9 330429 
245 1 0 |a Administración y futuro: de los 90 en adelante 
250 |a 2a. ed 
300 |a 279 p 
942 |c BK 
945 |d 19941024 00:00:00  |a mfernand 
260 |a Buenos Aires  |b Sudamericana  |c 1993 
650 0 |a Administración  |9 259325 
583 |a last modification  |c 19941024 00:00:00  |k Rodrigo Vera 
999 |c 230820  |d 230818 
952 |0 0  |1 0  |4 0  |6 658_000000000000000_DRU_1993  |7 0  |8 A  |9 233362  |a BIBCUR  |b BIBCUR  |d 2019-11-15  |i 3298272  |o 658 DRU 1993  |p 3298272  |r 2025-04-22  |w 2019-11-15  |y BK  |k PER 
952 |0 0  |1 0  |4 0  |6 658_000000000000000_DRU_1993  |7 0  |8 CCM  |9 233363  |a BIBCUR  |b BIBCUR  |d 2019-11-15  |i 1963066  |o 658 DRU 1993  |p 1963066  |r 2025-04-22  |w 2019-11-15  |y BK  |k CIM 
952 |0 0  |1 0  |4 0  |6 658_000000000000000_DRU_1993  |7 0  |8 CCM  |9 233364  |a BIBCUR  |b BIBCUR  |d 2019-11-15  |i 1963074  |o 658 DRU 1993  |p 1963074  |r 2025-04-22  |w 2019-11-15  |y BK  |k CIM 
952 |0 0  |1 0  |4 0  |6 658_000000000000000_DRU_1993  |7 0  |8 A  |9 233365  |a BIBEDU  |b BIBEDU  |d 2019-11-15  |i 4155556  |o 658 DRU 1993  |p 4155556  |r 2019-11-15  |w 2019-11-15  |y BK  |k EBA